Municipis de la Vall d'Albaida - Estadísticas

Estadísticas generales
  • Esta prueba ha sido intentada 558 veces
  • La puntuación promedio es 22 de 34
Respuestas en el mapa
Las respuestas están codificadas por una escala verde-roja en el mapa de la prueba según el % correcto abajo.
 
Estadísticas de respuestas
Resposta % Correcto
Albaida
97%
Ontinyent
97%
Bocairent
86%
Atzeneta d'Albaida
79%
Aielo de Malferit
78%
l'Olleria
78%
Agullent
76%
Fontanars dels Alforins
73%
Benigànim
72%
Castelló de Rugat
72%
Quatretonda
71%
Llutxent
69%
Rugat
69%
Aielo de Rugat
66%
la Pobla del Duc
66%
Otos
66%
Alfarrasí
63%
el Palomar
63%
Bellús
61%
Montaverner
61%
Carrícola
60%
Salem
60%
el Ràfol de Salem
59%
Bèlgida
58%
Benicolet
57%
Benissoda
56%
Bufali
56%
Terrateig
55%
Pinet
53%
Benissuera
49%
Montitxelvo
49%
Sempere
49%
Guadasséquies
48%
Beniatjar
47%
No se encontraron pruebas coincidentes
Distribución de puntuación
Porcentaje de gente con cada puntuación
Porcentaje por número respondido
Historial de tus puntuaciones
No has intentado esta prueba.